[Event "3rd All-China Games"]
[Site "Suzhou CHN"]
[Date "2006.05.22"]
[Round "6"]
[White "Wang Yaoyao"]
[Black "Tan Zhongyi"]
[Result "1/2-1/2"]
[WhiteElo "2434"]
[BlackElo "2276"]

1.d4 Nf6 2.c4 g6 3.Nc3 Bg7 4.e4 d6 5.Nf3 O-O 6.Be2 e5 7.d5 a5 8.Bg5 Na6 9.Nd2 h6
10.Bh4 Qe8 11.O-O Nh7 12.a3 Bd7 13.b3 h5 14.f3 Bf6 15.Bf2 Qe7 16.Rb1 Bh4  1/2-1/2

[Event "37th Olympiad w"]
[Site "Turin ITA"]
[Date "2006.05.23"]
[Round "3"]
[White "Goletiani,R"]
[Black "Arribas,M"]
[Result "1/2-1/2"]
[WhiteElo "2371"]
[BlackElo "2235"]

1.Nf3 Nf6 2.c4 g6 3.Nc3 Bg7 4.e4 d6 5.d4 O-O 6.Be2 Nbd7 7.O-O e5 8.Be3 c6
9.Qc2 Qe7 10.Rfe1 Ng4 11.Bg5 f6 12.Bh4 Nh6 13.Qd2 Nf7 14.Rad1 Rd8 15.a3 Nf8
16.b4 Bg4 17.d5 Rac8 18.h3 Bd7 19.Rb1 h5 20.Qe3 Bh6 21.Qd3 Kg7 22.Nd2 Bxd2
23.Qxd2 g5 24.Bg3 h4 25.Bh2 Ng6 26.Qe3 Ra8 27.dxc6 bxc6 28.b5 Nf4 29.a4 Nxe2+
30.Rxe2 Qe6 31.Qd3 Rdc8 32.a5 cxb5 33.cxb5 Qc4 34.Re3 Rab8 35.f3 Qxd3 36.Rxd3 Rc5
37.Kh1 Bxb5 38.Re3 a6 39.Bg1 Nd8 40.Nd5 Kf7 41.Reb3 Rcc8 42.Nc3 Nc6 43.Nxb5 axb5
44.Rxb5 Rxb5 45.Rxb5 Nd4 46.Bxd4 exd4 47.Rd5 Rc1+ 48.Kh2 Ra1 49.Rxd6 Rxa5
50.Rxd4 Ra1 51.Rd2 Rf1  1/2-1/2

[Event "Muresul Cup"]
[Site "Arad ROM"]
[Date "2006.05.24"]
[Round "6"]
[White "Shishkin,Va UKR"]
[Black "Erdogdu,M"]
[Result "0-1"]
[WhiteElo "2541"]
[BlackElo "2375"]

1.d4 Nf6 2.c4 g6 3.Nc3 Bg7 4.e4 d6 5.Be2 O-O 6.Nf3 e5 7.Be3 Ng4 8.Bg5 f6
9.Bh4 Nc6 10.d5 Ne7 11.Nd2 Nh6 12.f3 g5 13.Bf2 f5 14.c5 Ng6 15.g3 g4 16.fxg4 Nxg4
17.Bxg4 fxg4 18.Be3 Nh8 19.cxd6 cxd6 20.Qe2 Bd7 21.a4 Qf6 22.Rf1 Qg6 23.O-O-O Rfc8
24.Kb1 Nf7 25.Rc1 Ng5 26.Qd3 Bh6 27.b3 b6 28.Kb2 Rf8 29.Rxf8+ Rxf8  0-1

[Event "3rd All-China Games"]
[Site "Suzhou CHN"]
[Date "2006.05.25"]
[Round "10"]
[White "Tan Zhongyi"]
[Black "Xie Jun"]
[Result "0-1"]
[WhiteElo "2276"]
[BlackElo "2573"]

1.d4 Nf6 2.c4 g6 3.Nc3 Bg7 4.e4 d6 5.Nf3 O-O 6.Be2 Qe8 7.O-O e5 8.d5 Nfd7
9.b4 a5 10.bxa5 Rxa5 11.Nb5 Qd8 12.Be3 Nc5 13.Nd2 Ra6 14.f3 f5 15.Nb3 Nbd7
16.Qc2 b6 17.Bd3 f4 18.Nxc5 bxc5 19.Bf2 g5 20.Be2 Nf6 21.Rfb1 Qd7 22.Kh1 Qf7
23.Rb3 Bh6 24.Kg1 Kh8 25.Nc3 g4 26.Bh4 Rg8 27.Bxf6+ Qxf6 28.Rb8 Qh4 29.fxg4 f3
30.Bxf3 Be3+ 31.Kh1 Bf4 32.h3 Qg3 33.Kg1 Be3+ 34.Kh1 Rf8 35.Rf1 Rxf3 36.Rxc8+ Kg7
37.Rxc7+ Kg6 38.Qe2 Rxf1+ 39.Qxf1 Bf4 40.Kg1 Qxc3 41.Rc6 Rxa2 42.Rxd6+ Kf7
43.Rb6 Qe3+ 44.Kh1 Qg3 45.Rb7+ Ke8 46.Rb8+ Kd7  0-1

[Event "I Magistral"]
[Site "Guarapari BRA"]
[Date "2006.05.27"]
[Round "6"]
[White "Souza Neves,A"]
[Black "Crosa,M"]
[Result "0-1"]
[WhiteElo "2207"]
[BlackElo "2449"]

1.d4 Nf6 2.Nf3 g6 3.c4 Bg7 4.Nc3 O-O 5.e4 d6 6.Be2 e5 7.d5 Na6 8.Bg5 h6 9.Bh4 Qe8
10.Nd2 Nh7 11.f3 h5 12.O-O Bh6 13.Bf2 Qe7 14.Qc2 f5 15.Rfd1 Bxd2 16.Qxd2 f4
17.c5 g5 18.cxd6 cxd6 19.Nb5 g4 20.Nxa7 g3 21.Bb6 Qh4 22.hxg3 fxg3 23.Nxc8 Raxc8
24.Bxa6 bxa6 25.Rac1 Rxc1 26.Qxc1 Ng5 27.Kf1 Qh1+ 28.Bg1 Nxf3  0-1

[Event "9th L.Kaplun Mem"]
[Site "Ternopil UKR"]
[Date "2006.05.28"]
[Round "7"]
[White "Jamashev,E"]
[Black "Kalinin,O"]
[Result "1/2-1/2"]
[WhiteElo "2320"]
[BlackElo "2372"]

1.Nf3 Nf6 2.c4 g6 3.Nc3 Bg7 4.d4 d6 5.e4 O-O 6.Be2 Nbd7 7.O-O e5 8.Re1 c6
9.Be3 exd4 10.Nxd4 Re8 11.Qc2 Qe7 12.f3 Nh5 13.Rad1 Be5 14.Bf2 Qg5 15.g3 Bxg3
16.hxg3 Nxg3 17.Bxg3 Qxg3+ 18.Kf1 Ne5 19.Bd3 Bh3+ 20.Ke2 Qg2+ 21.Ke3 Qg5+
22.Ke2 Qg2+  1/2-1/2

[Event "37th Olympiad w"]
[Site "Turin ITA"]
[Date "2006.05.28"]
[Round "7"]
[White "Johansson,V"]
[Black "Siti,Z"]
[Result "1-0"]
[WhiteElo "2222"]
[BlackElo "2169"]

1.d4 Nf6 2.c4 g6 3.Nc3 Bg7 4.e4 d6 5.Nf3 O-O 6.Be2 e5 7.Be3 Nc6 8.O-O h6
9.d5 Ne7 10.Ne1 Ne8 11.c5 f5 12.f3 dxc5 13.Bxc5 Nd6 14.Nd3 f4 15.Rc1 g5 16.Nf2 a6
17.Qb3 Rf7 18.Na4 b6 19.Bb4 Bf8 20.Bxd6 Qxd6 21.Rc2 Bb7 22.Rfc1 Rc8 23.Nc5 Rb8
24.Nxb7 Rxb7 25.Bxa6 Ra7 26.Bb5 Nc8 27.Rc6 Qb4 28.Qxb4 Bxb4 29.Ng4 Rg7 30.Nxh6+ Kh8
31.Nf5 Rh7 32.Re6 Nd6 33.Rxe5 Rxa2 34.Nxd6 Bxd6 35.Rxg5 Rxb2 36.Bc6 Rg7 37.Rxg7 Kxg7
38.h4 b5 39.Kh2 b4 40.Ba4 Ra2 41.Bd1 Rd2 42.Rb1 Kf6 43.Kh3 Ke5 44.Ba4 Ra2
45.Bb3 Rf2 46.Bd1 Kd4 47.h5 Kc3 48.h6 Be5 49.h7 Ra2 50.Kg4 Rxg2+ 51.Kf5 Bd4
52.e5 Rh2 53.Rc1+ Kd3 54.Rxc7 Rh5+ 55.Kg4 Rh1 56.Bc2+ Ke3 57.e6 Rg1+ 58.Kf5 Kxf3
59.Be4+  1-0

[Event "37th Olympiad w"]
[Site "Turin ITA"]
[Date "2006.05.29"]
[Round "8"]
[White "Zhao Xue"]
[Black "Reizniece,D"]
[Result "1-0"]
[WhiteElo "2423"]
[BlackElo "2287"]

1.d4 Nf6 2.c4 g6 3.Nc3 Bg7 4.Nf3 O-O 5.e4 d6 6.Be2 e5 7.Be3 Ng4 8.Bg5 f6
9.Bh4 Nc6 10.d5 Ne7 11.Nd2 Nh6 12.f3 c5 13.Rb1 a5 14.a3 g5 15.Bf2 f5 16.O-O Ng6
17.g3 g4 18.exf5 Bxf5 19.fxg4 Bxb1 20.Qxb1 e4 21.Ndxe4 Qe7 22.Qd1 Nf7 23.h4 Rae8
24.Kg2 Qd7 25.Re1 Nge5 26.Be3 b6 27.Nf2 Nd8 28.Nh3 Re7 29.Bg5 Ref7 30.h5 h6
31.Bd2 Re7 32.Nf4 Rfe8 33.Rf1 Nef7 34.Bd3 Ng5 35.Bf5 Qb7 36.Ng6 Rf7 37.Re1 Be5
38.Bxg5 hxg5 39.Qd2 Rxf5 40.gxf5 Nf7 41.Ne4 Kg7 42.h6+ Kxh6 43.Nxg5 Kg7 44.Ne6+ Rxe6
45.fxe6 Kxg6 46.Qd3+ Kg7 47.Qf5 Nh6 48.Qg5+ Kh7 49.Rxe5 dxe5 50.e7 Qd7 51.Qxe5 Qe8
52.d6 Ng8 53.d7 Qxd7 54.e8=Q Qd2+ 55.Qe2 Qc1 56.Qf7+  1-0

[Event "37th Olympiad w"]
[Site "Turin ITA"]
[Date "2006.05.30"]
[Round "9"]
[White "Schuurman,P"]
[Black "Llaneza Vega,P"]
[Result "1/2-1/2"]
[WhiteElo "2258"]
[BlackElo "2276"]

1.d4 Nf6 2.c4 g6 3.Nc3 Bg7 4.e4 d6 5.Nf3 O-O 6.Be2 e5 7.Be3 Na6 8.O-O Ng4
9.Bg5 Qe8 10.dxe5 dxe5 11.h3 f6 12.Bd2 Nh6 13.c5 Nxc5 14.Qc1 Nf7 15.Nd5 Ne6
16.Nxc7 Nxc7 17.Qxc7 Nd8 18.Rfc1 Rf7 19.Qc3 Be6 20.b4 Nc6 21.Be3 a6 22.Bc4 Bf8
23.Rab1 Rc8 24.Qb3 Bxc4 25.Qxc4 Na7 26.Qb3 Rxc1+ 27.Rxc1 Nc6 28.a3 Kg7 29.Rd1 Rd7
30.Rd2 Rxd2 31.Nxd2 Qf7 32.Kf1 Qxb3 33.Nxb3 f5 34.f3 Kf6 35.Ke2 fxe4 36.fxe4 Ke6
37.Kd3 b5 38.g4 h5 39.Bg5 hxg4 40.hxg4 Bd6 41.Be3 Be7 42.Bc5 Bh4 43.Bb6 Be7
44.Bc5 Bh4 45.Be3 Be7  1/2-1/2

[Event "37th Olympiad w"]
[Site "Turin ITA"]
[Date "2006.05.31"]
[Round "10"]
[White "Nill,J"]
[Black "Berlin,T"]
[Result "0-1"]
[WhiteElo "2339"]
[BlackElo "2207"]

1.d4 Nf6 2.c4 d6 3.Nf3 g6 4.Nc3 Bg7 5.e4 O-O 6.Be2 Nbd7 7.O-O e5 8.Qc2 c6
9.Rd1 Qe7 10.d5 c5 11.g3 Kh8 12.Bg5 h6 13.Bd2 Ng8 14.Nh4 Ndf6 15.Rab1 Nh7
16.b4 cxb4 17.Rxb4 Ng5 18.Be3 b6 19.a4 Bf6 20.Ng2 Nh3+ 21.Kh1 Bg5 22.f4 exf4
23.gxf4 Bf6 24.Bf3 g5 25.e5 Bg7 26.Nb5 gxf4 27.exd6 Qg5 28.Bd4 Nf6 29.Rb3 Bf5
30.Qb2 Rg8 31.Rf1 Nd7 32.Bxg7+ Rxg7 33.Qd4 Nc5 34.Ra3 Re8 35.d7 Nxd7 36.Nd6 Re5
37.Nxf5 Rxf5 38.Ra2 Ne5 39.Qe4 Qf6 40.Re2 Ng5 41.Qb1 Ngxf3 42.Ref2 Rfg5 43.a5 Qg6
44.Qxg6 R7xg6 45.axb6 axb6 46.Ra1 Rf5 47.Rb1 Rff6 48.Ra1 Rg8 49.Raf1 Rc8
50.Rxf3 Nxf3 51.Rxf3 Rxc4 52.Kg1 Rd4 53.Kf2 Rxd5 54.Rb3 Kg7 55.Kf3 Rd4 56.Nh4 Kf8
57.Rb5 Rd3+ 58.Ke4 Re3+ 59.Kd4 Rd6+  0-1

[Event "White Nights Open"]
[Site "St Petersburg RUS"]
[Date "2006.06.01"]
[Round "9"]
[White "Goganov,A"]
[Black "Kazakevich,G"]
[Result "1-0"]
[WhiteElo "2175"]
[BlackElo "2113"]

1.d4 Nf6 2.c4 d6 3.Nc3 e5 4.Nf3 Nbd7 5.e4 g6 6.Be2 Bg7 7.O-O O-O 8.Re1 Re8
9.Bf1 c6 10.d5 Nb6 11.dxc6 bxc6 12.c5 dxc5 13.Qxd8 Rxd8 14.Nxe5 Bb7 15.Nd3 Nfd7
16.Bg5 Re8 17.Rad1 Ba6 18.Nc1 Bxf1 19.Kxf1 Ne5 20.Nd3 Nxd3 21.Rxd3 Nc4 22.Bc1 Rab8
23.Re2 Bd4 24.f4 Nd6 25.e5 Nb5 26.Ne4 Red8 27.Rc2 h5 28.Nxc5 Bxc5 29.Rxd8+ Rxd8
30.Rxc5 Rd1+ 31.Kf2 Nd4 32.Be3 Rd3 33.Bxd4 Rxd4 34.Ke3 Ra4 35.a3 Ra6 36.Kd4 Kf8
37.h3 h4 38.Ke4 Ke7 39.Kf3 Kd7 40.Rc4 Rb6 41.Rb4 Ra6 42.Kg4 Ke6 43.Kxh4 c5
44.Rb7 c4 45.Kg5 c3 46.bxc3 Rxa3 47.Rc7 Ra2 48.g4 a5 49.Ra7 a4 50.c4 a3 51.c5 Rc2
52.Rxa3 Rxc5 53.Ra6+ Ke7 54.h4 Rc1 55.h5 gxh5 56.Kxh5 Kf8 57.Kg5 Kg7 58.Ra7 Rc5
59.Kf5 Rb5 60.g5 Rb6 61.Rd7 Ra6 62.Rd6 Ra5 63.g6 fxg6+ 64.Rxg6+ Kf7 65.Rb6 Ra7
66.Kg5 Re7 67.e6+ Kg7 68.f5 Ra7 69.f6+ Kg8 70.Kg6 Rg7+ 71.Kf5 Ra7 72.Rb8+ Kh7
73.e7 Ra5+ 74.Ke4  1-0

[Event "37th Olympiad w"]
[Site "Turin ITA"]
[Date "2006.06.02"]
[Round "11"]
[White "Zhao Xue"]
[Black "Dembo,Y"]
[Result "1-0"]
[WhiteElo "2423"]
[BlackElo "2464"]

1.d4 Nf6 2.c4 g6 3.Nc3 Bg7 4.e4 d6 5.Nf3 O-O 6.Be2 e5 7.Be3 Ng4 8.Bg5 f6
9.Bh4 g5 10.Bg3 Nh6 11.d5 Nd7 12.Nd2 f5 13.exf5 Nf6 14.Nde4 Nxe4 15.Nxe4 Nxf5
16.O-O a5 17.Bd3 Nd4 18.f3 Bf5 19.Bf2 c6 20.Re1 c5 21.Bxd4 cxd4 22.Nf2 Rc8
23.Rc1 Bxd3 24.Qxd3 b6 25.Ne4 Rf7 26.b3 Qe7 27.Qd2 Rf4 28.h3 h5 29.Nf2 Rcf8
30.Re4 Bh6 31.Rxf4 Rxf4 32.Re1 Kg7 33.Qd3 Qf7 34.Re4 Rf6 35.Qd1 Qf8 36.Qd3 Qf7
37.Re1 Rf4 38.a3 Qf8 39.b4 axb4 40.axb4 Qc8 41.g4 hxg4 42.hxg4 Rf7 43.Ne4 Qf8
44.Kg2 Kg8 45.Ng3 Bg7 46.Ra1 Qc8 47.Nf5 Qd8 48.Ra6 Rb7 49.Qa3 Qc7 50.Ra8+ Bf8
51.Qc1 Rb8 52.Qxg5+ Kf7 53.Qh5+  1-0

[Event "37th Olympiad w"]
[Site "Turin ITA"]
[Date "2006.06.03"]
[Round "12"]
[White "Melnik,G"]
[Black "Basem Hassan,M"]
[Result "1-0"]
[WhiteElo "2079"]
[BlackElo "2028"]

1.d4 Nf6 2.Nf3 g6 3.c4 Bg7 4.Nc3 d6 5.e4 O-O 6.Be2 e5 7.dxe5 dxe5 8.O-O Nc6
9.Be3 Ng4 10.Bc5 Qxd1 11.Raxd1 Rd8 12.Nd5 Rd7 13.Rfe1 b6 14.Ba3 f5 15.Ng5 Nf6
16.f3 Nxd5 17.cxd5 Nd4 18.Rc1 Bh6 19.h4 Bxg5 20.hxg5 Bb7 21.Bd3 c6 22.exf5 gxf5
23.Rxe5 c5 24.b4 Rc8 25.bxc5 bxc5 26.Rxc5 a6 27.Rxc8+ Bxc8 28.Re8+ Kf7 29.Rxc8 Kg6
30.Bc4 Kxg5 31.Bb2 Nb5 32.Bxb5 axb5 33.Rc5 b4 34.Rb5 f4 35.d6+ Kh4 36.Bf6+ Kg3
37.Rg5+ Kh4  1-0

[Event "28th Nezhmetdinov mem"]
[Site "Kazan RUS"]
[Date "2006.06.04"]
[Round "4"]
[White "Mustakayev,A"]
[Black "Kalegin,E"]
[Result "0-1"]
[WhiteElo "2339"]
[BlackElo "2458"]

1.Nf3 Nf6 2.d4 g6 3.c4 Bg7 4.Nc3 O-O 5.e4 d6 6.Be2 Nbd7 7.O-O e5 8.Bg5 h6
9.Bh4 c6 10.d5 c5 11.Nd2 a6 12.a3 Qe8 13.Qc2 Nh7 14.Bd3 h5 15.f3 Bh6 16.Bf2 Qe7
17.b4 b6 18.Rfe1 h4 19.Rab1 Bf4 20.bxc5 bxc5 21.Nf1 Qg5 22.Na4 Ndf6 23.Kh1 Nh5
24.Nxc5 dxc5 25.Bxc5 Re8 26.Bb6 N7f6 27.c5 Ng3+ 28.Kg1 Nxf1 29.Rxf1 Be3+
30.Kh1 Nh5  0-1

[Event "Lasker Mem A"]
[Site "Barlinek POL"]
[Date "2006.06.05"]
[Round "3"]
[White "Malaniuk,V"]
[Black "Szczepinski,M"]
[Result "1-0"]
[WhiteElo "2539"]
[BlackElo "2302"]

1.d4 Nf6 2.c4 g6 3.Nc3 Bg7 4.e4 d6 5.Be2 O-O 6.Nf3 e5 7.Be3 Ng4 8.Bg5 f6
9.Bh4 g5 10.Bg3 Nc6 11.d5 Ne7 12.Nxg5 Nxf2 13.Bxf2 fxg5 14.Bg4 Ng6 15.g3 h6
16.O-O Kh7 17.Qe2 c5 18.dxc6 bxc6 19.Rad1 Bxg4 20.Qxg4 Qe7 21.c5 Rad8 22.cxd6 Rxd6
23.Rxd6 Qxd6 24.Rd1 Qf6 25.Bxa7 Rf7 26.Be3 Bf8 27.a3 Be7 28.Kh1 Nf8 29.Kg2 Ne6
30.Qf5+ Qxf5 31.exf5 Rxf5 32.Rd7 Rf7 33.a4 Kg6 34.a5 Bb4 35.Rxf7 Kxf7 36.a6 Nc7
37.a7 Bxc3 38.bxc3 Ke6 39.g4 Kd5 40.h4 gxh4 41.Bxh6  1-0

[Event "2nd Festival"]
[Site "Lodi ITA"]
[Date "2006.06.05"]
[Round "1"]
[White "Schmitz,Man"]
[Black "Hossain,Enam"]
[Result "0-1"]
[WhiteElo "2042"]
[BlackElo "2460"]

1.d4 Nf6 2.c4 g6 3.Nc3 Bg7 4.e4 d6 5.Nf3 O-O 6.Be2 Na6 7.O-O e5 8.Be3 Ng4
9.Bg5 Qe8 10.dxe5 dxe5 11.h3 f6 12.hxg4 fxg5 13.Nxg5 c6 14.Qd6 Rf6 15.Qa3 h6
16.Nh3 Bf8 17.Qb3 Nc5 18.Qc2 Ne6 19.Qd3 g5 20.a3 a5 21.Na4 Nc5 22.Nxc5 Bxc5
23.b4 Bd4 24.Rab1 axb4 25.axb4 Be6 26.Qc2 Qf7 27.Rb3 b5 28.Rf3 Rxf3 29.gxf3 bxc4
30.Kg2 Kg7 31.Rh1 c3 32.b5 cxb5 33.Bxb5 Ra2 34.Qc1 Bxg4 35.Nxg5 Bxf3+  0-1

[Event "28th Nezhmetdinov mem"]
[Site "Kazan RUS"]
[Date "2006.06.06"]
[Round "6"]
[White "Grebionkin,Vl"]
[Black "Kalegin,E"]
[Result "1/2-1/2"]
[WhiteElo "2420"]
[BlackElo "2458"]

1.Nf3 Nf6 2.c4 g6 3.Nc3 Bg7 4.e4 d6 5.d4 O-O 6.Be2 e5 7.O-O exd4 8.Nxd4 Re8
9.f3 Nc6 10.Be3 Nh5 11.Qd2 Nf4 12.Rfd1 Nxd4 13.Bxd4 Bxd4+ 14.Qxd4 Nxe2+ 15.Nxe2 b6
16.Nc3 Bb7 17.Rac1 Qg5 18.Rc2 Re7 19.Nd5 Bxd5 20.cxd5 Rd8 21.Rdc1 Rdd7 22.Rf1 a5
23.f4 Qg4 24.Rc3 Re8 25.Re3 Rde7 26.h3 Qh4 27.Kh2 f6 28.g3  1/2-1/2

[Event "2nd Open"]
[Site "San Marino SMR"]
[Date "2006.06.06"]
[Round "2"]
[White "Paragua,M"]
[Black "Manik,M"]
[Result "0-1"]
[WhiteElo "2617"]
[BlackElo "2450"]

1.d4 Nf6 2.c4 g6 3.Nc3 Bg7 4.e4 d6 5.Be2 O-O 6.Nf3 Na6 7.O-O e5 8.Be3 c6
9.d5 Ng4 10.Bg5 f6 11.Bc1 Nh6 12.Ne1 f5 13.Nc2 c5 14.f4 exf4 15.Bxf4 g5 16.Bd2 f4
17.Ne1 Qe7 18.Nd3 Bd7 19.a3 Bd4+ 20.Kh1 Rf6 21.Bh5 Nf7 22.Ne2 Qxe4 23.Nxd4 Qxd3
24.Nf3 Qxc4 25.Bc3 Rh6 26.Bxf7+ Kxf7 27.Nxg5+ Kg8 28.Qd2 Nc7 29.Rxf4 Qxd5
30.Rf7 Qxd2 31.Bxd2 Rd8 32.Bc3 Ne6 33.Raf1 Nd4 34.Re7 Bc6 35.h3 Rg6 36.Ne4 Rf8
37.Re1 Nf5  0-1

[Event "2nd Open"]
[Site "San Marino SMR"]
[Date "2006.06.07"]
[Round "3"]
[White "Sulava,N"]
[Black "Ehlvest,J"]
[Result "0-1"]
[WhiteElo "2493"]
[BlackElo "2607"]

1.d4 Nf6 2.Nf3 g6 3.c4 Bg7 4.Nc3 O-O 5.e4 d6 6.Be2 Na6 7.O-O e5 8.Be3 c6
9.d5 Ng4 10.Bg5 f6 11.Bh4 c5 12.Ne1 Nh6 13.Nd3 b6 14.a3 Nc7 15.f3 Nf7 16.b4 Bh6
17.Bf2 f5 18.a4 a5 19.bxc5 bxc5 20.Kh1 Na6 21.Bg1 Kh8 22.Rb1 Rg8 23.Nb5 f4
24.Rb3 Bg5 25.Qa1 Rg7 26.g3 Nb4 27.Nxd6 Qxd6 28.Bxc5 Qf6 29.gxf4 Bxf4 30.Nxf4 Qxf4
31.Qc1 g5 32.Rg1 Qf6 33.Qb2 Ba6 34.Bxb4 axb4 35.Rxb4 g4 36.fxg4 Qf4 37.c5 Nh6
38.Rf1 Qe3 39.Bxa6 Nxg4 40.Qe2 Qh3 41.Rb7 Rg6 42.c6 Rag8 43.Rb2 Ne3 44.Rfb1 Rg2
45.Qxg2 Rxg2  0-1

[Event "2nd Open"]
[Site "San Marino SMR"]
[Date "2006.06.07"]
[Round "4"]
[White "Milanovic,Da"]
[Black "Lagrotteria,S"]
[Result "1-0"]
[WhiteElo "2513"]
[BlackElo "2176"]

1.d4 Nf6 2.c4 g6 3.Nc3 Bg7 4.e4 d6 5.Nf3 O-O 6.Be2 e5 7.Be3 Ng4 8.Bg5 f6
9.Bh4 h5 10.h3 exd4 11.Nxd4 Ne5 12.f4 g5 13.Bg3 h4 14.Bh2 Ng6 15.c5 Bh6 16.Bc4+ Kg7
17.Be6 Ne7 18.Bxc8 Qxc8 19.f5  1-0

[Event "TCh-NOR Open"]
[Site "Oslo NOR"]
[Date "2006.06.08"]
[Round "2"]
[White "Sorgjerd,J"]
[Black "Khachatourian,Y"]
[Result "1-0"]
[WhiteElo "2144"]
[BlackElo "2053"]

1.d4 Nf6 2.c4 g6 3.Nc3 Bg7 4.e4 d6 5.Be2 Nbd7 6.Nf3 O-O 7.O-O e5 8.Re1 a5
9.Bf1 b6 10.b3 exd4 11.Nxd4 Bb7 12.f3 Nc5 13.Be3 Ne6 14.Qd2 Nh5 15.Rad1 Nxd4
16.Bxd4 Bxd4+ 17.Qxd4 Nf4 18.Qe3 Ne6 19.e5 Ng7 20.exd6 Nf5 21.Qf4 cxd6 22.Nb5 Qh4
23.Qxh4 Nxh4 24.Rxd6 Bxf3 25.Kf2 Bh5 26.h3 f5 27.Rxb6 f4 28.Nd6 Rad8 29.c5 Nf5
30.Bc4+ Kg7 31.Rb7+ Kh6 32.Nf7+ Rxf7 33.Rxf7 Rd2+ 34.Kg1 Ne3 35.Bf1 Rxa2
36.Rxf4 Nc2 37.Rc1 g5 38.Rf2 Bg6 39.c6 Bf5 40.Rxf5  1-0

[Event "FSGM June"]
[Site "Budapest HUN"]
[Date "2006.06.09"]
[Round "6"]
[White "Kovacs,Ga2"]
[Black "Ilincic,Z"]
[Result "0-1"]
[WhiteElo "2456"]
[BlackElo "2536"]

1.d4 Nf6 2.c4 g6 3.Nc3 Bg7 4.e4 d6 5.Nf3 O-O 6.Be2 e5 7.O-O Nh5 8.g3 Bh3
9.Re1 exd4 10.Nxd4 Nf6 11.Bg5 h6 12.Be3 Kh7 13.Qd2 Ng4 14.Bf4 Nc6 15.Nxc6 bxc6
16.f3 Ne5 17.Nd1 Be6 18.Rc1 f5 19.exf5 Bxf5 20.Nf2 a5 21.Ng4 Nf7 22.Ne3 Bd7
23.Bd3 Be5 24.Ng2 Kg7 25.Be4 g5 26.Bxe5+ Nxe5 27.Rc3 Qf6 28.f4 Nf7 29.Rf3 g4
30.Rfe3 Rfe8 31.Bb1 Rxe3 32.Rxe3 a4 33.Nh4 c5 34.Qc2 Rh8 35.Kf1 h5 36.Qe2 Ne5
37.Qc2 Nc6 38.Qg2 Nd4 39.Qb7 Qf7 40.Qxc7 Rh6 41.Qd8 Re6 42.Qg5+ Kf8 43.Ng6+ Ke8
44.Qxh5 Kd8 45.Rxe6 Qxe6 46.Qg5+ Kc7 47.Qe7 Qxc4+ 48.Kf2 Qc1 49.Bd3 Qxb2+
50.Kf1 Qa1+ 51.Qe1 Qxe1+ 52.Kxe1 Nf3+ 53.Kf2 Nxh2 54.Ne7 Be6 55.a3 Nf3 56.Bc2 Nd2
57.Bxa4 Ne4+ 58.Kg2 d5 59.f5 Bf7 60.Bd1 Nf6 61.Ng6 Kd6 62.Kf2 d4 63.a4 Bd5
64.a5 Be4 65.Nh4 c4 66.a6 Kc7 67.Ng6 c3 68.Ke1 c2 69.Bxc2 Bxc2 70.Ne5 Bxf5
71.Kd2 Be4 72.Nc4 Kc6 73.Na5+ Kb5 74.Nb3 Kc4 75.Na5+ Kb4 76.Nb7 Bxb7 77.axb7 Nd7
78.Kd3 Kc5  0-1

[Event "28th Nezhmetdinov mem"]
[Site "Kazan RUS"]
[Date "2006.06.09"]
[Round "9"]
[White "Iliushkin,E"]
[Black "Kniazev,I"]
[Result "0-1"]
[WhiteElo "2274"]
[BlackElo "2244"]

1.c4 Nf6 2.Nc3 g6 3.Nf3 Bg7 4.e4 d6 5.d4 Nbd7 6.Be2 O-O 7.O-O e5 8.d5 Nc5
9.Qc2 a5 10.Bg5 h6 11.Be3 b6 12.Nd2 Nfd7 13.f3 f5 14.b3 Nf6 15.a3 f4 16.Bf2 g5
17.b4 Nb7 18.Na4 g4 19.c5 g3 20.hxg3 fxg3 21.Bxg3 Nh5 22.Bh2 bxc5 23.bxc5 Qg5
24.Rf2 dxc5 25.Nf1 Nf4 26.Kh1 Rf6 27.Nxc5 Nxc5 28.Qxc5 Rg6 29.Ne3 Bf8 30.Qc3 Bd6
31.Bf1 Qe7 32.Nc4 Rg5 33.Nxd6 cxd6 34.g3 Nh5 35.g4 Nf6 36.Rg2 Bd7 37.Rb1 Ra7
38.Bg1 Ra8 39.Rb7 Qf8 40.Be3 Nxe4 41.Qe1 Bc8 42.Bxg5 Bxb7 43.Qxe4 hxg5 44.Qg6+ Qg7
45.Qxd6 Rf8 46.Qe6+ Qf7 47.Bc4 Qxe6 48.dxe6 Kg7 49.Kh2 Bxf3 50.Rf2 Bxg4 51.Rg2 Rf4
52.Rxg4 Rxg4 53.e7 Rh4+ 54.Kg3 Rh8 55.Bb5 Kf7  0-1

[Event "2nd Open"]
[Site "San Marino SMR"]
[Date "2006.06.09"]
[Round "6"]
[White "Garcia Palermo,C"]
[Black "Valdes,Le"]
[Result "1-0"]
[WhiteElo "2476"]
[BlackElo "2374"]

1.Nf3 Nf6 2.c4 g6 3.Nc3 Bg7 4.e4 d6 5.d4 O-O 6.Be2 e5 7.Be3 h6 8.O-O Ng4
9.Bc1 Nc6 10.d5 Ne7 11.g3 f5 12.Nh4 Nf6 13.exf5 g5 14.Ng6 Nxg6 15.fxg6 Bf5
16.f3 Qd7 17.Be3 Rae8 18.c5 e4 19.Bb5 c6 20.Bc4 Kh8 21.dxc6 bxc6 22.Bf7 exf3
23.Qxf3 Bg4 24.Qf2 Ne4 25.Bxe8 Qxe8 26.Qxf8+ Bxf8 27.Rxf8+ Qxf8 28.Bd4+ Kg8
29.Nxe4 Qf3 30.Nf6+ Kg7 31.Nxg4+ Kxg6 32.Nf2 dxc5 33.Bc3 h5 34.Re1 Qf7 35.a3 Qc4
36.Re5 g4 37.h3 h4 38.Re4 Qa2 39.Rxg4+ Kf5 40.Rxh4 c4 41.Rf4+ Ke6 42.h4 a5
43.h5 c5 44.Re4+ Kd5 45.h6  1-0

[Event "2nd Open"]
[Site "San Marino SMR"]
[Date "2006.06.09"]
[Round "6"]
[White "Milanovic,Da"]
[Black "Vocaturo,D"]
[Result "1/2-1/2"]
[WhiteElo "2513"]
[BlackElo "2402"]

1.d4 Nf6 2.c4 g6 3.Nc3 Bg7 4.e4 d6 5.Be2 O-O 6.Nf3 e5 7.Be3 Na6 8.O-O Ng4
9.Bg5 Qe8 10.h3 f6 11.Bc1 Nh6 12.Re1 Nf7 13.Bf1 c6 14.Rb1 Nc7 15.b4 f5 16.d5 cxd5
17.cxd5 f4 18.b5 g5 19.Nh2 Bf6 20.Be2 Bd8 21.Na4 Bd7 22.Qb3 Nh8 23.Ba3 Rf6
24.Ng4 Rg6 25.Nh2 Rf6 26.Ng4 Rg6 27.Nh2  1/2-1/2

[Event "Lasker Mem A"]
[Site "Barlinek POL"]
[Date "2006.06.10"]
[Round "8"]
[White "Shishkin,Va UKR"]
[Black "Aliavdin,N"]
[Result "1/2-1/2"]
[WhiteElo "2541"]
[BlackElo "2355"]

1.d4 Nf6 2.c4 g6 3.Nc3 Bg7 4.e4 d6 5.Be2 O-O 6.Nf3 e5 7.Be3 Na6 8.O-O Ng4
9.Bg5 Qe8 10.dxe5 dxe5 11.c5 Nxc5 12.Nd5 Ne6 13.Be7 c6 14.Bxf8 Qxf8 15.Nc3 Nf4
16.Bc4 b5 17.Bb3 b4 18.Na4 Ba6 19.Qd7 Bxf1 20.Kxf1 Nf6 21.Qxc6 Qc8 22.Qxc8+ Rxc8
23.Ng5 Kf8 24.g3 Nd3 25.Rd1 Nc1 26.Bxf7 h6 27.Be6 Rc2 28.Nh3 Ke7 29.Bd5 Ng4
30.Bb3 Nxb3 31.axb3 Nxh2+ 32.Kg2 Ng4 33.Kf3 h5 34.Rd5 Bh6 35.Nc5 Rxb2 36.Rd7+ Ke8
37.Rxa7 Be3 38.Ra8+ Ke7 39.Ra7+ Kd6 40.Nd3 Rxb3 41.Ra6+ Kc7 42.Ke2 Bd4 43.Rxg6 Rb1
44.f3 Ne3 45.Ng5 Nc2 46.Ne6+ Kb7 47.Kd2 b3 48.Nec5+ Bxc5 49.Nxc5+ Kc7 50.Nxb3 Rxb3
51.Kxc2 Rxf3  1/2-1/2

[Event "Lasker Mem A"]
[Site "Barlinek POL"]
[Date "2006.06.10"]
[Round "8"]
[White "Leniart,A"]
[Black "Szymczak,Z"]
[Result "0-1"]
[WhiteElo "2333"]
[BlackElo "2276"]

1.e4 g6 2.d4 Bg7 3.Nf3 d6 4.c4 Nf6 5.Nc3 O-O 6.Be2 Nbd7 7.O-O e5 8.Be3 c6
9.d5 cxd5 10.cxd5 Ng4 11.Bg5 f6 12.Bd2 Nh6 13.Qc1 Nf7 14.Nb5 Nc5 15.Be3 b6
16.b4 Nxe4 17.Nc7 Bb7 18.Ne6 Qd7 19.Nxf8 Rxf8 20.Qc4 f5 21.Rac1 Rc8 22.Qb3 f4
23.Rxc8+ Qxc8 24.Bc1 Nc3 25.Bc4 e4 26.Bb2 exf3 27.Rc1 Qg4 28.g3 fxg3 29.fxg3 Bd4+
30.Kh1 f2 31.Rxc3 Bxd5+  0-1

[Event "2nd Goran"]
[Site "Bibinje CRO"]
[Date "2006.06.10"]
[Round "3"]
[White "Bilobrk,F"]
[Black "Mestrovic,Z"]
[Result "1/2-1/2"]
[WhiteElo "2386"]
[BlackElo "2315"]

1.d4 Nf6 2.Nf3 g6 3.c4 Bg7 4.Nc3 O-O 5.e4 d6 6.Be2 e5 7.O-O exd4 8.Nxd4 Re8
9.f3 c6 10.Kh1 Na6 11.Bg5 Nc5 12.Qd2 Ne6 13.Nxe6 Bxe6 14.c5 h6 15.Bxf6 Qxf6
16.cxd6 Rad8 17.f4 Qd4 18.Qxd4 Bxd4 19.e5 Bxc3 20.bxc3 f6 21.Bd3 Kf7 22.Kg1 Bf5
23.Bxf5 gxf5 24.Rfe1 fxe5 25.fxe5 Ke6 26.Rad1 b5 27.Kf2 a5 28.Rd3 c5 29.Re2 a4
30.Kf3 Rg8 31.h3 h5 32.Kf4 Rd7 33.Rg3 Rxg3 34.Kxg3 b4 35.c4 Rb7 36.Kf4 h4
37.Rb2 Rg7 38.Rd2 Rb7 39.Rb2 b3 40.axb3 axb3 41.Kg5 Kxe5 42.d7 Rxd7 43.Rxb3 Rg7+
44.Kxh4 Rxg2 45.Rd3 f4 46.Rd5+  1/2-1/2

[Event "2nd Goran"]
[Site "Bibinje CRO"]
[Date "2006.06.10"]
[Round "3"]
[White "Farago,I"]
[Black "Martinovic,Sa"]
[Result "0-1"]
[WhiteElo "2534"]
[BlackElo "2350"]

1.d4 Nf6 2.c4 g6 3.Nc3 Bg7 4.e4 d6 5.Be2 O-O 6.Nf3 e5 7.O-O exd4 8.Nxd4 Re8
9.f3 Nc6 10.Be3 Nh5 11.Qd2 Nf4 12.Rfd1 Nxd4 13.Bxd4 Bxd4+ 14.Qxd4 Nxe2+ 15.Nxe2 b6
16.Nc3 Bb7 17.Rd2 Qg5 18.Rf1 Re7 19.f4 Qc5 20.Qxc5 bxc5 21.e5 dxe5 22.fxe5 Rae8
23.Rdf2 Rd8 24.Re2 Rde8 25.Rfe1 Bc6 26.Nd5 Bxd5 27.cxd5 Rd8 28.Rd2 f6 29.e6 Rd6
30.Rc1 c6 31.b4 c4 32.Rxc4 cxd5 33.Rcd4 Rexe6 34.Rxd5 Rxd5 35.Rxd5 Ra6 36.Rd2 Ra4
37.Rb2 Kf7 38.Kf2 Ke6 39.b5 Kd5 40.b6 axb6 41.Rxb6 Rxa2+ 42.Kf3 f5 43.Rb5+ Ke6
44.Rb6+ Ke5 45.Rb5+ Kf6 46.Rb7 h6 47.h4 Ra3+ 48.Kf2 f4 49.Rb5 Re3 50.Rb8 Rg3
51.Rb5 h5 52.Ra5 Rg4 53.Kf3 Rxh4 54.Ra6+ Kg5 55.Ra5+ Kh6 56.Ra4 g5 57.Ra6+ Kg7
58.Ra7+ Kf6 59.Ra6+ Ke7 60.Ra7+ Kd6 61.Ra6+ Kc7 62.Rh6 Kd7 63.Ra6 Rg4 64.Ra7+ Kc6
65.Ra6+ Kd5 66.Ra5+ Kc4 67.Ra4+ Kb3 68.Ra8 Rg3+ 69.Kf2 Kc4 70.Rh8 h4 71.Rd8 h3
72.gxh3 Rxh3 73.Rg8 Rg3 74.Rd8 g4 75.Rf8 Rf3+ 76.Ke2 Re3+ 77.Kd2 Re4  0-1

[Event "Summer-1"]
[Site "Alushta UKR"]
[Date "2006.06.11"]
[Round "14"]
[White "Mankeyev,Raua"]
[Black "Golubev,M"]
[Result "0-1"]
[WhiteElo "2381"]
[BlackElo "2484"]

1.d4 Nf6 2.Nf3 d6 3.c4 g6 4.Nc3 Bg7 5.e4 O-O 6.Be2 e5 7.dxe5 dxe5 8.Qxd8 Rxd8
9.Nxe5 Nxe4 10.Nxe4 Bxe5 11.Bg5 Rf8 12.Bf6 Bxf6 13.Nxf6+ Kg7 14.Nd5 Na6 15.O-O-O Re8
16.Bf3 c6 17.Ne3 Be6 18.Rd4 Rad8 19.Rhd1 Rxd4 20.Rxd4 h5 21.h4 Kf6 22.Kc2 Nc5
23.b4 Nd7 24.a3 a5 25.Kb3 axb4 26.axb4 Ra8 27.Rd1 Ke7 28.g3 Ra6 29.Kc3 Nb6
30.b5 cxb5 31.Bxb7 Ra7 32.Bd5 bxc4 33.Bxe6 Kxe6 34.Rd4 Ra2 35.Re4+ Kd6 36.Rf4 Kc5  0-1